Úloha vnútorného kontrolného systému v organizáciách

Definícia vnútorného kontrolného systému. Jeho zložky. Princípy vnútorného kontrolného systému.

Guardado en:
Detalles Bibliográficos
Autor principal: Jakubek, Ľubomír
Formato: Capítulo de libro
Lenguaje:eslovaco
Materias:
Etiquetas: Agregar Etiqueta
Sin Etiquetas, Sea el primero en etiquetar este registro!

MARC

LEADER 00000naa a2200000 4500
001 0142140
005 20221103133932.7
041 0 |a slo 
044 |a SK 
245 1 0 |a Úloha vnútorného kontrolného systému v organizáciách  |c Ľubomír Jakubek 
520 |a Definícia vnútorného kontrolného systému. Jeho zložky. Princípy vnútorného kontrolného systému. 
610 2 0 |a kontrola 
610 2 0 |a audit interný 
610 2 0 |a podnik 
610 2 0 |a informácie 
100 1 |a Jakubek, Ľubomír